| 000 | 01715nam0a2200361 i 4500 | ||
|---|---|---|---|
| 001 | RU\NLR\bibl\1999904 | ||
| 005 | 20241105201436.0 | ||
| 010 |
_a9785987120385 _91000 |
||
| 021 |
_aRU _b2013-5533 _9393 |
||
| 035 | _a(NLR Aleph) 001988210 | ||
| 090 |
_a4187370 _c4187370 |
||
| 100 | _a20130213d2012 k y0rusy50 ca | ||
| 101 | 1 |
_arus _cpol |
|
| 102 | _aRU | ||
| 105 | _ac ||||||||| | ||
| 200 | 1 |
_aО принципе противоречия у Аристотеля _eкритическое исследование _fЯн Лукасевич _gпер. с пол. Б.Т. Домбровского _gобщ. ред., вступ. ст. и примеч. проф. А.С. Карпенко _gРос. акад. наук, Ин-т философии |
|
| 210 |
_aМосква _aСанкт-Петербург _cЦентр гумитарных инициатив _d2012 |
||
| 215 |
_a255 с., [1] л. портр. _d21 |
||
| 300 | _aЗагл. и авт. ориг.: O zasadzie sprzecnosci u Arystotelesa / J. Łukasiewicz | ||
| 320 | _aБиблиогр. в тексте примеч.: с. 238-253 и в подстроч. примеч. | ||
| 454 | 0 |
_12001#$aO zasadzie sprzecnosci u Arystotelesa$fJ. _1700#1$aŁukasiewicz$bJ.$gJan$4070 _tO zasadzie sprzecnosci u Arystotelesa _aŁukasiewicz, Jan |
|
| 600 | 0 |
_aАристотель _f384 - 322 до н.э. _xЛогическое учение _92362552 _3RU\NLR\AUTH\6601632975 |
|
| 686 | _aЮ4г(0)321-217 | ||
| 686 | _aЮ3(0)321-217-361.2 | ||
| 686 | _aЮ3(4П) | ||
| 686 | _aЮ4г(4П) | ||
| 700 | 1 |
_aЛукасевич _bЯ _gЯн _4070 |
|
| 801 | 0 |
_aRU _bNLR _c20130213 _gRCR |
|
| 801 | 1 |
_aRU _bNLR _c20130213 |
|
| 942 | _cBOOK | ||
| 980 | _aNBR | ||